000 00527nam a22002177a 4500
003 UA-OsUOA
001 38011
007 ta
008 20060421b un ||||| |||| 00| 0 ukr d
100 _aПоліщук Тетяна
090 _a82
_bП11
942 _cSA
040 _aUA-OsUOA
_bukr
_cUA-OsUOA
_dUA-OsUOA
245 _aБез "Ікара"
300 _a1 с.
955 _a0
041 _aukr
080 _a82
773 0 _w38010
650 7 _a82 Література. Літературознавство
_2UDC
999 _c324175
_d324175